Λογισμικά ανοικτού κώδικα για τα μουσεία : προσαρμογή του λογισμικού διαχείρισης συλλογών ανοικτού κώδικα CollectiveAccess στα Ελληνικά : μεταπτυχιακή διατριβή
Saved in:
| Main Author: | |
|---|---|
| Corporate Author: | |
| Other Authors: | |
| Format: | Thesis Book |
| Language: | Greek |
| Published: |
2011
|
| Subjects: | |
| Online Access: | http://hdl.handle.net/11610/16074 |
| Tags: |
Add Tag
No Tags, Be the first to tag this record!
|
MARC
| LEADER | 00000cam a2200000 i 4500 | ||
|---|---|---|---|
| 001 | 1/21284 | ||
| 008 | 120626s2011 gre d | ||
| 035 | |l 10112846 | ||
| 040 | |a GR-MY-UA |b gre |e aacr | ||
| 041 | 0 | |a gre | |
| 082 | 0 | |a 005.1 |2 (22) | |
| 100 | 1 | |a Συριτέλη, Ματθούλα. | |
| 245 | 1 | 0 | |a Λογισμικά ανοικτού κώδικα για τα μουσεία : |b προσαρμογή του λογισμικού διαχείρισης συλλογών ανοικτού κώδικα CollectiveAccess στα Ελληνικά : μεταπτυχιακή διατριβή / |c της Συριτέλη Ματθούλα ; επιβλέπουσα καθηγήτρια: Καβακλή Ευαγγελία |
| 260 | |c 2011 | ||
| 300 | |a 99 σ.; |b εικ.; |c 30 εκ. | ||
| 500 | |a Βιβλιογραφία: σ. 96-99 | ||
| 502 | |a Διατριβή (μεταπτυχιακή) – Πανεπιστήμιο Αιγαίου, Λέσβος, 2011. | ||
| 650 | 0 | 0 | |a Open source software. |
| 650 | 0 | 0 | |a Dissertations, Academic |z Greece. |
| 700 | 1 | |a Καβακλή, Ευαγγελία. |4 ths | |
| 710 | 2 | |a Πανεπιστήμιο Αιγαίου. |b Σχολή Κοινωνικών Επιστημών. |b Τμήμα Πολιτισμικής Τεχνολογίας και Επικοινωνίας. |b Πρόγραμμα Μεταπτυχιακών Σπουδών Πολιτισμική Πληροφορική και Επικοινωνία. | |
| 852 | |a INST |b LESVOS |c DIATR |e 20120626 |h 403 |p 005100052219 |q 005100052219 |t MTXE |y 23 | ||
| 852 | |a INST |b LESVOS |c DIATR |e 20120626 |h 404 |p 005100052218 |q 005100052218 |t MTXE |y 23 | ||
| 856 | |u http://hdl.handle.net/11610/16074 | ||
| 901 | |a BIBL1-2012-2 | ||
| 909 | |a Λ |b 175040 | ||
| 909 | |a Λ |b 175041 | ||
| 924 | |a ΣΥΡΙΤΕΛΗ |b ΜΑΤΘΟΥΛΑ |y ΛΕΣΒΟΣ |z 2011-03 | ||
| 970 | |a ΤΖΑΦΕΡΗ |b ΕΥΑΓΓΕΛΙΑ |z 2012/06/26 | ||